Top DJs - Statistics

Statistiche generali
  • Questo quiz è stato fatto 15 volte
  • Il punteggio medio è 8 su 16
Statistiche sulle risposte
con Immagini Risposta % Corretto
David Guetta
100%
Gigi D'Agostino
89%
Martin Garrix
89%
Steve Aoki
78%
Afrojack
56%
Calvin Harris
56%
Tiesto
56%
Swedish House Mafia
44%
Alesso
33%
Carl Cox
33%
Deadmau5
33%
Dj Snake
33%
Armin van Buuren
22%
Hardwell
22%
Paul van Dyk
22%
Dimitri Vegas & Like Mike
11%
Nessun quiz corrispondente trovato
Distribuzione punteggi
Percentuale di utenti per punteggio
Percentile per numero di risposta
I tuoi punteggi nel tempo
Non hai fatto questo quiz